Effect of different mulches on chilli pepper yield at crop station in royal university of agriculture ឥទ្ធិពលនៃគំរបដីផ្សេងៗគ្នាទៅលើទិន្នផលដំណាំម្ទេសដៃនាង នៅស្ថានីយ៏ដំណាំនៃសាកលវិទ្យាល័យភូមិន្ទកសិកម្ម (Record no. 1007)

000 -LEADER
fixed length control field 00750nam a22001577a 4500
003 - CONTROL NUMBER IDENTIFIER
control field OSt
005 - DATE AND TIME OF LATEST TRANSACTION
control field 20150921165915.0
008 - FIXED-LENGTH DATA ELEMENTS--GENERAL INFORMATION
fixed length control field 150921b xxu||||| |||| 00| 0 eng d
040 ## - CATALOGING SOURCE
Transcribing agency RUA
082 ## - DEWEY DECIMAL CLASSIFICATION NUMBER
Classification number AGR VAT 2006 B034 Or.1
100 ## - MAIN ENTRY--PERSONAL NAME
9 (RLIN) 1048
Personal name VATH, VON.
245 ## - TITLE STATEMENT
Title Effect of different mulches on chilli pepper yield at crop station in royal university of agriculture ឥទ្ធិពលនៃគំរបដីផ្សេងៗគ្នាទៅលើទិន្នផលដំណាំម្ទេសដៃនាង នៅស្ថានីយ៏ដំណាំនៃសាកលវិទ្យាល័យភូមិន្ទកសិកម្ម
Statement of responsibility, etc.
260 ## - PUBLICATION, DISTRIBUTION, ETC. (IMPRINT)
Place of publication, distribution, etc. Phnom Penh
Name of publisher, distributor, etc. RUA
Date of publication, distribution, etc. 2006
300 ## - PHYSICAL DESCRIPTION
Extent 46p.
Other physical details ill.
Dimensions 29cm.
942 ## - ADDED ENTRY ELEMENTS (KOHA)
Source of classification or shelving scheme
Koha item type AGR
Holdings
Price effective from Date last seen Permanent Location Not for loan Date acquired Source of classification or shelving scheme Koha item type Lost status Withdrawn status Total Renewals Date last checked out Total Checkouts Damaged status Barcode Current Location Checked out Full call number
2015-09-212024-12-23Library Block B 2015-09-21 AGR  12024-12-236 RUA002468Library Block B2025-01-29AGR VAT 2006 B034 Or.1
មជ្ឈមណ្ឌលឯការនៃសាកលវិទ្យាល័យភូមិន្ទកសិកម្មចំការដូង

Powered by Koha